00545nam a2200193Ia 4500008004100000020001800041041000800059082001600067100001900083245003000102250000700132260003400139300000800173365001200181700001900193942001200212999001900224952010800243140306s9999 xx 000 0 und d a81 225 0004 8 aeng a301bVID/IN aSach deva, D R aIntroduction to sociology a32 aAllahabadbKitab Mahalc 1999 a900 bRs .175 aVidya, Bhushan 2ddccBK c185824d185824 00102ddc4070aKAUCBVbKAUCBVd2004-11-03g175.00l0o301 VID/INr2014-03-22 00:00:00w2014-03-22yBK